| 000 | 01434nam a2200289 a 4500 | ||
|---|---|---|---|
| 001 | 000003122 | ||
| 005 | 20250606121936.0 | ||
| 008 | 980302s1993 dr b 000 0 spa d | ||
| 040 |
_aDO-SdBNP _bspa _cBNPHU |
||
| 082 |
_a809.8898 _bF363i |
||
| 100 | 2 |
_aFernández Valledor, Roberto. _99834 |
|
| 245 | 1 | 0 |
_aIdentidad nacional y sociedad en la ensayistica cubana y puertorriquena (1920-1940) : _bManach, Marinello, Pedreira y Blanco / _cRoberto Fernández Valledor. |
| 260 |
_a[San Juan, P.R.] : _bCentro de Estudios Avanzados de Puerto Rico y el Caribe, _c1993. _eSanto Domingo _fCorripio |
||
| 300 |
_aviii, 264 p. ; _c23 cm. |
||
| 504 | _aIncluye referencias bibliográficas y notas al pie de las páginas | ||
| 504 | _aIncluye referencias bibliográficas (p. [241]-264) | ||
| 600 | 1 | 4 |
_aMAÑACH, JORGE, _d1898-1961 _xCRÍTICA E INTERPRETACIÓN _99835 |
| 600 | 1 | 4 |
_aMARINELLO, JUAN, _d1898-1977 _xCRÍTICA E INTERPRETACIÓN _99836 |
| 600 | 1 | 4 |
_aPEDREIRA, ANTONIO SALVADOR, _d1899-1939 _xCRÍTICA E INTERPRETACIÓN _99837 |
| 600 | 1 | 4 |
_aBLANCO, TOMÁS, _d1896-1975 _xCRÍTICA E INTERPRETACIÓN _99838 |
| 650 | 4 |
_aEnsayos cubanos _ySIGLO XX _xHistoria y crítica _99839 |
|
| 650 | 4 |
_aEnsayos puertorriqueños _ySIGLO XX _xHistoria y crítica _99840 |
|
| 650 | 4 |
_aLiteratura y sociedad _zCuba _99841 |
|
| 650 | 4 |
_aLiteratura y sociedad _zPuerto Rico _99842 |
|
| 650 | 0 |
_aIdentidad nacional _92163 |
|
| 910 | _aValidado. Control de calidad MMOLINA | ||
| 999 |
_c2953 _d2953 |
||